书目信息 |
| 题名: |
C++编程风格
|
|
| 作者: | 卡吉尔 , Tom Cargill 著 ;聂雪军 译 | |
| 分册: | ||
| 出版信息: | 北京 机械工业出版社 2007.01 |
|
| 页数: | 181页 | |
| 开本: | 24cm | |
| 丛书名: | ||
| 单 册: | ||
| 中图分类: | TP312 | |
| 科图分类: | ||
| 主题词: | C语言--程序设计 | |
| 电子资源: | ||
| ISBN: | 7-111-20363-1 | |
| 000 | 01058nam0 2200277 450 | |
| 001 | 003400222 | |
| 005 | 20100816170735.26 | |
| 010 | @a7-111-20363-1@dCNY25.00 | |
| 100 | @a20100515d2007 em y0chiy50 ea | |
| 101 | 1 | @achi@ceng |
| 102 | @aCN@b110000 | |
| 105 | @ay z 000yy | |
| 200 | 1 | @aC++编程风格@AC++bian cheng feng ge@d= C++ Programming style@f(美)Tom Cargill著@F(mei)Tom Cargill zhu@g聂雪军译@Gnie xue jun yi@zeng |
| 210 | @a北京@c机械工业出版社@d2007.01 | |
| 215 | @a181页@d24cm | |
| 306 | @a美国Pearson Education培生教育出版集团授权出版 | |
| 314 | @a责任者汉译姓:卡吉尔 取自CIP | |
| 330 | @a本书描述C++语言中较深层次的程序设计思想和使用方法,包含大量软件工程概念和设计模式,重点介绍大规模编程相关的内容。例如增加代码的可读性、可维护性、可扩展性以及执行效率等的方法。 | |
| 500 | 10 | @aC++ Programming style@mChi |
| 606 | 0 | @aC语言@x程序设计 |
| 690 | @aTP312@v4 | |
| 701 | 1 | @a卡吉尔@Aka ji er@g(Cargill,T.F.)@4著 |
| 701 | 0 | @aTom Cargill@4著 |
| 702 | 0 | @a聂雪军@Anie xue jun@4译 |
| 801 | 0 | @aCN@c20100515 |
| 905 | @dTP312@eK051@f3 | |
| C++编程风格= C++ Programming style/(美)Tom Cargill著/聂雪军译.-北京:机械工业出版社,2007.01 |
| 181页;24cm |
| ISBN 7-111-20363-1:CNY25.00 |
| 本书描述C++语言中较深层次的程序设计思想和使用方法,包含大量软件工程概念和设计模式,重点介绍大规模编程相关的内容。例如增加代码的可读性、可维护性、可扩展性以及执行效率等的方法。 |
| ● |
| 相关链接 |
|
|
|
正题名:C++编程风格
索取号:TP312/K051
 
预约/预借
| 序号 | 登录号 | 条形码 | 馆藏地/架位号 | 状态 | 备注 |
| 1 | 1030503 | 210305034 | 自科二线400A/400A自科库 7排2列4层/ [索取号:TP312/K051] | 在馆 | |
| 2 | 1030504 | 210305043 | 期刊室512/301自科库 45排2列2层/ [索取号:TP312/K051] | 在馆 | |
| 3 | 1030505 | 210305052 | 期刊室512/301自科库 45排2列2层/ [索取号:TP312/K051] | 在馆 |